| 000 | 00332nam a22001217a 4500 | ||
|---|---|---|---|
| 082 |
_a297.7 _bBAS _cL-30, p-100 |
||
| 245 | _aThe great battle of badr | ||
| 260 |
_aLahore _bIslamic Publications Ltd |
||
| 300 |
_axxx1, 213 p. : _bill, ; _c20 cm. |
||
| 526 |
_a0 _b0 _c0 _d297_700000000000000_BAS |
||
| 650 |
_aMCE _9379 |
||
| 942 |
_2ddc _cBK |
||
| 999 |
_c543016 _d543016 |
||